| 000 | 02211cam a22004934i 4500 | ||
|---|---|---|---|
| 003 | PE-LiUPU | ||
| 005 | 20250731184511.0 | ||
| 008 | 150623s1999 r 000 0 d | ||
| 020 | _a9972755207 | ||
| 035 | _a(Sirsi) a163875 | ||
| 040 |
_aPE-LiUPU _bspa _cPE-LiUPU _erda |
||
| 082 | 0 | 4 |
_a985.064 _bP61 _221 |
| 100 | 1 |
_aGutierrez _eautor. |
|
| 245 | 1 | 3 |
_aEl Perú en los albores del siglo XXI-3 : _bciclo de conferencias 1998-1999 / _cGutierrez [y otros 6]. |
| 264 | 1 |
_aLima : _bFondo Editorial del Congreso del Perú, _c2000. |
|
| 300 |
_a235 páginas : _bilustraciones ; _c21 centímetros. |
||
| 336 |
_atext _2rdacontent |
||
| 337 |
_aunmediated _2rdamedia |
||
| 338 |
_avolume _2rdacarrier |
||
| 500 | _aCiclo de conferencias ofrecidas en el Congreso : 1998-1999. | ||
| 504 | _aIncluye bibliografía. | ||
| 505 | 0 | _aLa agonía del Estado Nación -- Las (sin) razones de la violencia -- Estabilización y crecimiento en el Perú -- El señor de Sipán y la civilización Moche -- Muerte y memoria en el Perú antiguo -- La cultura del trabajo y la solidaridad: una respuesta a la globalización -- Desafíos de la posmodernidad -- El fenómeno del cine -- Humor: ni verdad ni mentira -- Educación musical para todos -- Deporte y vida cotidiana. | |
| 526 | _aP136 | ||
| 526 | _aP135 | ||
| 526 | _aP134 | ||
| 526 | _aP133 | ||
| 526 | _aP144 | ||
| 526 | _aP143 | ||
| 526 | _aP87 | ||
| 526 | _aP35 | ||
| 526 | _aP20 | ||
| 526 | _aP14 | ||
| 526 | _aP10 | ||
| 526 | _aP06 | ||
| 650 | 0 | 4 |
_aGlobalización y política nacional _zPerú. |
| 910 |
_ajck _bebj _cebj _d20160930 |
||
| 910 |
_ajck _bncf _cncf _d20161005 |
||
| 596 | _a1 | ||
| 942 |
_2ddc _cBOOK |
||
| 999 |
_a985.064 P43 _wLC _c12732 _i74668 _d12732 _f2021-11-8 _g6 _lCCODEBUL1 _mBUL _q1 _r0 _sY _tBOOK _u2016-9-30 _xBIBLIOTECA _PP20 _0COMPRA _o.STAFF. Colección Ciencias Humanas y Educación |
||
| 999 |
_a985.064 P43 _wLC _c2 _i74813 _f2021-11-9 _g5 _lCCODEBUL1 _mBUL _p14.55 _r0 _sY _tBOOK _u2016-10-5 _xEDUCACION _PP20 _0DONACION _o.STAFF. Colección Ciencias Humanas y Educación |
||
| 980 |
_81 _gALBERTO SANCHEZ Responsable de Automatización |
||